Spoločenská zodpovednosť ako nástroj zvyšovania konkurencieschopnosti firiem
Základná charakteristika a postavenie spoločenskej zodpovednosti v súčasných trhových podmienkach. Výhody a bariéry uplatňovania princípov spoločenskej zodpovednosti vo firmách.
Salvato in:
| Autore principale: | |
|---|---|
| Natura: | Capitolo di libro |
| Lingua: | slovacco |
| Soggetti: | |
| Tags: |
Nessun Tag, puoi essere il primo ad aggiungerne!!
|
MARC
| LEADER | 00000naa$a2200000$$$4500 | ||
|---|---|---|---|
| 001 | 0124566 | ||
| 005 | 20240502072417.8 | ||
| 041 | 0 | |a slo | |
| 044 | |a SK | ||
| 245 | 1 | 0 | |a Spoločenská zodpovednosť ako nástroj zvyšovania konkurencieschopnosti firiem |c Lucia Horňáková |
| 520 | |a Základná charakteristika a postavenie spoločenskej zodpovednosti v súčasných trhových podmienkach. Výhody a bariéry uplatňovania princípov spoločenskej zodpovednosti vo firmách. | ||
| 610 | 2 | 0 | |a firmy |
| 610 | 2 | 0 | |a zodpovednosť spoločenská |
| 610 | 2 | 0 | |a konkurencieschopnosť |
| 100 | 1 | |a Horňáková, Lucia, 1982- | |